Statistics for Picture It: Portraits of Political Leaders

Click here to take the quiz!

General Stats

  • This quiz has been taken 46 times
  • The average score is 10 of 14

Answer Stats

POWER!% Correct
Adolf Hitler
100%
Abraham Lincoln
95%
Margaret Thatcher
95%
Vladimir Lenin
93%
Richard Nixon
91%
Theodore Roosevelt
88%
Fidel Castro
86%
Napoleon Bonaparte
84%
Woodrow Wilson
70%
Winston Churchill
65%
Golda Meir
60%
Jefferson Davis
49%
Ivan the Terrible
16%
Frederick the Great
2%

Score Distribution

Percentile by Number Answered

Percent of People with Each Score

Your Score History

You have not taken this quiz